LEADER 02163nam 2200685 450 001 9910453745203321 005 20200520144314.0 010 $a0-7591-2412-4 010 $a0-7591-2414-0 035 $a(CKB)2550000001166966 035 $a(CaPaEBR)ebrary10816125 035 $a(SSID)ssj0001062370 035 $a(PQKBManifestationID)11666122 035 $a(PQKBTitleCode)TC0001062370 035 $a(PQKBWorkID)11026946 035 $a(PQKB)11433943 035 $a(MiAaPQ)EBC1574406 035 $a(Au-PeEL)EBL1574406 035 $a(CaPaEBR)ebr10816125 035 $a(CaONFJC)MIL548358 035 $a(OCoLC)922907343 035 $a(EXLCZ)992550000001166966 100 $a20131217d2014 uy 0 101 0 $aeng 135 $aurcnu|||||||| 181 $ctxt 182 $cc 183 $acr 200 10$aMuseums in the digital age $echanging meanings of place, community, and culture /$fSusana Smith Bautista 210 1$aLanham, Maryland ;$aPlymouth, England :$cAltamira Press,$d2014. 210 4$dİ2014 215 $a1 online resource (306 p.) 300 $aBibliographic Level Mode of Issuance: Monograph 311 $a0-7591-2413-2 311 $a1-306-17107-5 320 $aIncludes bibliographical references and index. 606 $aMuseums$xHistory$y21st century 606 $aMuseums and community 606 $aMuseums$xData processing 606 $aMuseums$zUnited States$xHistory$y21st century 606 $aMuseums and community$zUnited States 606 $aMuseums$zUnited States$xData processing 606 $aMuseums$zUnited States$vCase studies 608 $aElectronic books. 615 0$aMuseums$xHistory 615 0$aMuseums and community. 615 0$aMuseums$xData processing. 615 0$aMuseums$xHistory 615 0$aMuseums and community 615 0$aMuseums$xData processing. 615 0$aMuseums 676 $a069.09/05 700 $aBautista$b Susana Smith$f1966-$0896155 801 0$bMiAaPQ 801 1$bMiAaPQ 801 2$bMiAaPQ 906 $aBOOK 912 $a9910453745203321 996 $aMuseums in the digital age$92001856 997 $aUNINA LEADER 00902nas 2200349 c 450 001 9910330719403321 005 20171201183318.0 035 $a(CKB)4340000000116564 035 $a(DE-101)1072573512 035 $a(DE-599)ZDB2825218-4 035 $a(EXLCZ)994340000000116564 100 $a20150622a20159999 |y | 101 0 $aita 135 $aur||||||||||| 181 $ctxt$2rdacontent 182 $cc$2rdamedia 183 $acr$2rdacarrier 200 00$aTeMA$eTempo, Materia, Architettura ; studies on architectural engineering$fArTec 210 31$aAncona$d2015- 215 $aOnline-Ressource 300 $aGesehen am 22.06.15 311 08$a2421-4574 608 $aZeitschrift$2gnd-content 676 $a720 676 $a690 801 0$b0355 801 1$bDE-101 801 2$b9999 906 $aJOURNAL 912 $a9910330719403321 996 $aTema$9882377 997 $aUNINA